[Event "DEM U16w 2016"]
[Site "Willingen GER"]
[Date "2016.05.15"]
[Round "2"]
[White "Habersetzer, Elyse"]
[Black "Diener, Carolin Valeria"]
[Result "1-0"]
[Termination "normal"]
[Board "10"]
[WhiteElo "1638"]
[BlackElo "1740"]
[PlyCount "57"]
[WhiteFideId "16222288"]
[BlackFideId "24699063"]
[EventCountry "GER"]
[EventRounds "9"]
[EventType "swiss"]
[EventDate "2016.05.14"]

1. d4 d5 2. e3 Nf6 3. Bd3 e6 4. f4 c5 5. c3 Nc6 6. Nf3 Be7 7. Nbd2 Qc7 8. Ne5
Nxe5 9. fxe5 Nd7 10. O-O O-O 11. Qh5 h6 12. Rf3 Qd8 13. Rg3 Kh8 14. Rh3 Qe8 15.
Nf3 f5 16. exf6 Qxh5 17. fxg7+ Kxg7 18. Rxh5 Nf6 19. Rh3 c4 20. Bc2 Nh7 21.
Rg3+ Kh8 22. Ne5 Rf6 23. e4 Bd6 24. Ng6+ Kg7 25. Nf4+ Kf7 26. e5 Be7 27. exf6
Nxf6 28. Rf3 Bd7 29. Nh5 1-0

[Event "DEM U16w 2016"]
[Site "Willingen GER"]
[Date "2016.05.15"]
[Round "2"]
[White "Jörs, Pia-Milena"]
[Black "Christiansen, Anna"]
[Result "0-1"]
[Termination "normal"]
[Board "11"]
[WhiteElo "1568"]
[BlackElo "1503"]
[PlyCount "62"]
[WhiteFideId "12964646"]
[BlackFideId "12952230"]
[EventCountry "GER"]
[EventRounds "9"]
[EventType "swiss"]
[EventDate "2016.05.14"]

1. d4 d5 2. Nf3 Nf6 3. c4 c6 4. Nc3 e6 5. e3 Bb4 6. Qc2 Nbd7 7. Bd3 Nf8 8. a3
Bxc3+ 9. Qxc3 Ng6 10. O-O O-O 11. b4 b6 12. a4 Bb7 13. b5 Rc8 14. Qb3 Re8 15.
Bb2 c5 16. dxc5 dxc4 17. Bxc4 Rxc5 18. Rfd1 Qc7 19. Be2 Ng4 20. h3 Bxf3 21.
Bxf3 Qh2+ 22. Kf1 N4e5 23. Bxe5 Nxe5 24. e4 Rec8 25. Ke2 h6 26. Ra2 Rc3 27. Qb1
Nxf3 28. gxf3 Qxh3 29. Rd3 Rc1 30. Qb4 Qf1+ 31. Ke3 Re1+ 0-1

[Event "DEM U16w 2016"]
[Site "Willingen GER"]
[Date "2016.05.15"]
[Round "2"]
[White "Weiten, Anna"]
[Black "Schilay, Eva"]
[Result "0-1"]
[Termination "normal"]
[Board "12"]
[WhiteElo "1415"]
[BlackElo "1540"]
[PlyCount "48"]
[WhiteFideId "12938203"]
[BlackFideId "12930164"]
[EventCountry "GER"]
[EventRounds "9"]
[EventType "swiss"]
[EventDate "2016.05.14"]

1. e4 d5 2. exd5 Qxd5 3. Nc3 Qd6 4. Bc4 Nf6 5. d3 a6 6. Nge2 b5 7. Bb3 Bb7 8.
f3 Qb6 9. Bf4 e6 10. Qd2 Bc5 11. O-O-O a5 12. a4 c6 13. d4 Bb4 14. Qd3 Ba6 15.
Qd2 O-O 16. Be3 Nd5 17. h4 Nd7 18. g4 Rab8 19. h5 bxa4 20. Bxd5 cxd5 21. Qe1
Rfc8 22. Bd2 a3 23. b3 Qc6 24. Kb1 Bxe2 0-1

[Event "DEM U16w 2016"]
[Site "Willingen GER"]
[Date "2016.05.15"]
[Round "2"]
[White "ter Stal, Esther"]
[Black "Gläser, Anne"]
[Result "0-1"]
[Termination "normal"]
[Board "13"]
[WhiteElo "1597"]
[BlackElo "1304"]
[PlyCount "92"]
[WhiteFideId "12944467"]
[BlackFideId "16208765"]
[EventCountry "GER"]
[EventRounds "9"]
[EventType "swiss"]
[EventDate "2016.05.14"]

1. d4 Nf6 2. Nf3 g6 3. c4 d5 4. Nc3 e6 5. Bg5 dxc4 6. e4 Be7 7. Bxc4 Nbd7 8.
O-O O-O 9. Bh6 Re8 10. Ng5 Nb6 11. Bb3 c5 12. dxc5 Bxc5 13. e5 Qxd1 14. Raxd1
Ng4 15. Nce4 Bxf2+ 16. Rxf2 Nxh6 17. Nf6+ Kf8 18. Nxe8 Kxe8 19. Nxh7 Bd7 20.
Nf6+ Ke7 21. Rfd2 Bc6 22. Rd4 Nf5 23. R4d3 Bb5 24. Rc3 Bc6 25. Bc2 Rd8 26. Rxd8
Kxd8 27. Be4 Nd5 28. Bxd5 exd5 29. Rd3 Ne7 30. g4 Kc7 31. Rh3 Kb6 32. Rh7 d4
33. Rxf7 Nd5 34. Nxd5+ Bxd5 35. Rf6+ Kc5 36. b3 Kb4 37. e6 d3 38. e7 d2 39. Rf1
Bc6 40. Rd1 Kc3 41. Kf2 Kc2 42. Ke2 Bb5+ 43. Ke3 Kxd1 44. a4 Be8 45. Kd3 Kc1
46. Kc3 d1=Q 0-1

[Event "DEM U16w 2016"]
[Site "Willingen GER"]
[Date "2016.05.16"]
[Round "3"]
[White "Sieber, Fiona"]
[Black "Leser, Katrin"]
[Result "0-1"]
[Termination "normal"]
[Board "1"]
[WhiteTitle "WFM"]
[WhiteElo "2236"]
[BlackElo "1894"]
[WhiteClock "00:24:27"]
[BlackClock "00:31:35"]
[PlyCount "82"]
[WhiteFideId "12902373"]
[BlackFideId "12997692"]
[EventCountry "GER"]
[EventRounds "9"]
[EventType "swiss"]
[EventDate "2016.05.14"]

1. e4 e6 2. d4 d5 3. Nc3 Nf6 4. e5 Nfd7 5. f4 c5 6. Nf3 Nc6 7. Be3 Be7 8. Be2
O-O 9. O-O a6 10. Kh1 cxd4 11. Nxd4 Nxd4 12. Bxd4 f5 13. Qd2 Bc5 14. Rad1 Qc7
15. Bf3 Bxd4 16. Qxd4 Nc5 17. Ne2 Bd7 18. b4 Ne4 19. Bxe4 fxe4 20. c4 Bc6 21.
Qc3 Rac8 22. Nd4 Bb5 23. Qh3 Qxc4 24. Nxe6 Bd7 25. Rfe1 Rxf4 26. Qg3 Rf7 27.
Nc5 Rcf8 28. h3 Rf1+ 29. Kh2 Rxe1 30. Rxe1 Bc6 31. e6 Qxb4 32. e7 Re8 33. Rc1
Rxe7 34. Qg5 Re8 35. h4 e3 36. h5 h6 37. Qg3 e2 38. Nd3 Qd2 39. Re1 Re3 40.
Qb8+ Kh7 41. Qf4 Qxd3 0-1

[Event "DEM U16w 2016"]
[Site "Willingen GER"]
[Date "2016.05.16"]
[Round "3"]
[White "Köhler, Inken"]
[Black "Moses, Selina"]
[Result "1-0"]
[Termination "normal"]
[Board "2"]
[WhiteElo "1968"]
[BlackElo "1767"]
[WhiteClock "00:31:24"]
[BlackClock "00:29:09"]
[PlyCount "85"]
[WhiteFideId "12929301"]
[BlackFideId "12908070"]
[EventCountry "GER"]
[EventRounds "9"]
[EventType "swiss"]
[EventDate "2016.05.14"]

1. e4 c5 2. Nf3 d6 3. Bb5+ Nd7 4. O-O a6 5. Bd3 Qc7 6. c3 c4 7. Bc2 Ngf6 8. Qe2
e6 9. b3 b5 10. Bb2 Bb7 11. Na3 Nb6 12. d4 cxd3 13. Bxd3 Be7 14. Rac1 O-O 15.
c4 bxc4 16. Nxc4 Nxc4 17. Rxc4 Qb8 18. Rfc1 d5 19. exd5 Bxd5 20. Rh4 h6 21. Be5
Qd8 22. Ra4 Bxf3 23. Qxf3 Nd5 24. Qe4 f5 25. Qd4 Nb6 26. Rxa6 Qxd4 27. Bxd4
Rad8 28. Rxb6 Rxd4 29. Bc4 Ba3 30. Re1 Rd2 31. Rbxe6 Kh8 32. R6e2 Rfd8 33. g3
Bb4 34. Re8+ Kh7 35. Bg8+ Kh8 36. Bd5+ Rxe8 37. Rxe8+ Kh7 38. Bg8+ Kg6 39. Re6+
Kg5 40. Bf7 f4 41. Re4 f3 42. h4+ Kf6 43. Rxb4 1-0

[Event "DEM U16w 2016"]
[Site "Willingen GER"]
[Date "2016.05.16"]
[Round "3"]
[White "Simon, Tessa"]
[Black "Rogozenco, Teodora"]
[Result "0-1"]
[Termination "normal"]
[Board "3"]
[WhiteElo "1927"]
[BlackElo "2104"]
[WhiteClock "00:01:01"]
[BlackClock "00:03:51"]
[PlyCount "64"]
[WhiteFideId "12929395"]
[BlackFideId "12938084"]
[EventCountry "GER"]
[EventRounds "9"]
[EventType "swiss"]
[EventDate "2016.05.14"]

1. e4 e5 2. Nf3 Nc6 3. Bb5 a6 4. Ba4 Nf6 5. O-O Nxe4 6. d4 b5 7. Bb3 d5 8. dxe5
Be6 9. Qe2 Be7 10. Rd1 O-O 11. c4 bxc4 12. Bxc4 Qd7 13. Nc3 Nxc3 14. bxc3 f6
15. exf6 Bxf6 16. Ng5 Nd4 17. cxd4 Bxg5 18. Bxg5 dxc4 19. Rac1 Bd5 20. Rc3 Bxg2
21. Rg3 Bd5 22. Bh6 Rf7 23. Re1 Raf8 24. Qe5 Bc6 25. d5 Re8 26. Qxe8+ Qxe8 27.
Rxe8+ Bxe8 28. Kf1 Rd7 29. Ke1 Kf8 30. Bf4 Bf7 31. Ra3 Bxd5 32. Rxa6 Bf3 0-1

[Event "DEM U16w 2016"]
[Site "Willingen GER"]
[Date "2016.05.16"]
[Round "3"]
[White "Kail, Sindy"]
[Black "Wächter, Nathalie"]
[Result "0-1"]
[Termination "normal"]
[Board "4"]
[WhiteElo "1728"]
[BlackElo "1974"]
[WhiteClock "00:25:57"]
[BlackClock "00:24:35"]
[PlyCount "92"]
[WhiteFideId "12988502"]
[BlackFideId "12921033"]
[EventCountry "GER"]
[EventRounds "9"]
[EventType "swiss"]
[EventDate "2016.05.14"]

1. e4 d5 2. exd5 Nf6 3. Nc3 Nxd5 4. Bc4 Be6 5. Qf3 c6 6. Nge2 Nd7 7. d4 N7f6 8.
Nxd5 Bxd5 9. Bxd5 Qxd5 10. Qxd5 Nxd5 11. Bd2 e6 12. a3 Bd6 13. c4 Nf6 14. f3
O-O 15. O-O Rfd8 16. Rfd1 a5 17. Nc3 h6 18. g3 Be7 19. Be3 Rd7 20. Na4 Rdd8 21.
Nc3 Rab8 22. a4 Rd7 23. Rd2 Rbd8 24. Rad1 Bb4 25. Kf2 Ne8 26. Rd3 Nd6 27. b3
Nf5 28. Ne4 Be7 29. g4 Nxe3 30. Kxe3 b6 31. f4 f5 32. Nf2 Kf7 33. h3 Bh4 34.
Nh1 Re8 35. Kf3 Bf6 36. Ng3 g6 37. Ne2 Red8 38. Ke3 Re8 39. Kf3 Red8 40. Ke3 g5
41. gxf5 exf5 42. Kf3 Re8 43. Re3 g4+ 44. hxg4 fxg4+ 45. Kf2 Bh4+ 46. Ng3 Rxe3
0-1

[Event "DEM U16w 2016"]
[Site "Willingen GER"]
[Date "2016.05.16"]
[Round "3"]
[White "Ratay, Meike"]
[Black "Sanati, Charlotte"]
[Result "0-1"]
[Termination "normal"]
[Board "5"]
[WhiteElo "1688"]
[BlackElo "1915"]
[WhiteClock "00:03:00"]
[BlackClock "00:00:58"]
[PlyCount "164"]
[WhiteFideId "12977608"]
[BlackFideId "12907707"]
[EventCountry "GER"]
[EventRounds "9"]
[EventType "swiss"]
[EventDate "2016.05.14"]

1. e4 c5 2. Nf3 d6 3. d4 cxd4 4. Nxd4 Nf6 5. Nc3 a6 6. f3 e5 7. Nb3 Be6 8. Be3
Nbd7 9. Qd2 Be7 10. O-O-O b5 11. g4 Nb6 12. Na5 Qc7 13. g5 Nh5 14. Nd5 Nxd5 15.
exd5 Bd7 16. Bd3 O-O 17. Kb1 Rab8 18. Nb3 Rfc8 19. Nc1 g6 20. Ne2 Qb7 21. Be4
b4 22. Ng3 Ng7 23. f4 exf4 24. Bxf4 Bg4 25. Rde1 Nh5 26. Nxh5 Bxh5 27. Rhf1 Qd7
28. Be3 Rc4 29. Bd3 Rc7 30. Bxa6 Ra8 31. Qd3 Qa4 32. Bc4 Bg4 33. Bb3 Qd7 34.
Qd4 Rb7 35. Bd2 Bf8 36. Bxb4 Bg7 37. Qd2 Bf5 38. Bc3 Rxb3 39. axb3 Qa7 40. Ba5
Qxa5 41. Qxa5 Rxa5 42. Re8+ Bf8 43. Rd1 Rb5 44. Kc1 f6 45. gxf6 Kf7 46. Rd8
Bh6+ 47. Kb1 Bf4 48. Rd4 Be5 49. Rc4 Kxf6 50. Kc1 Rxd5 51. h4 h6 52. Rf8+ Ke7
53. Rg8 Kf7 54. Rb8 g5 55. Rc7+ Kg6 56. hxg5 hxg5 57. b4 g4 58. b5 g3 59. b6
Rb5 60. b7 d5 61. Rg8+ Kh5 62. Rf7 Bg6 63. Rf1 Rxb7 64. b3 Bd4 65. Rh1+ Kg5 66.
Rh3 Bf2 67. Rxg3+ Bxg3 68. Kd2 Be5 69. Rd8 Be4 70. Ke3 Rc7 71. c4 Bh1 72. cxd5
Rc3+ 73. Kd2 Rxb3 74. d6 Be4 75. d7 Rd3+ 76. Ke2 Bc7 77. Rg8+ Kf6 78. Rf8+ Kg7
79. Re8 Bf5 80. Re7+ Kf6 81. d8=Q Bxd8 82. Ra7 Bb6 0-1

[Event "DEM U16w 2016"]
[Site "Willingen GER"]
[Date "2016.05.16"]
[Round "3"]
[White "Schilay, Eva"]
[Black "Reinecke, Katharina"]
[Result "1/2-1/2"]
[Termination "normal"]
[Board "6"]
[WhiteElo "1540"]
[BlackElo "1842"]
[WhiteClock "00:02:55"]
[BlackClock "00:02:25"]
[PlyCount "62"]
[WhiteFideId "12930164"]
[BlackFideId "12929727"]
[EventCountry "GER"]
[EventRounds "9"]
[EventType "swiss"]
[EventDate "2016.05.14"]

1. e4 c5 2. Nc3 Nc6 3. g3 g6 4. Bg2 Bg7 5. d3 d6 6. Be3 e5 7. Nge2 Nge7 8. Qd2
O-O 9. Bh6 Nd4 10. Bxg7 Kxg7 11. O-O Rb8 12. f4 b6 13. Nd1 Be6 14. Ne3 Nxe2+
15. Qxe2 exf4 16. Rxf4 Nc6 17. Raf1 Ne5 18. Qd2 h5 19. d4 Ng4 20. a3 Rc8 21. d5
Bd7 22. Nc4 Bb5 23. Qc3+ Kg8 24. Re1 Bxc4 25. Qxc4 Ne5 26. Qe2 Qd7 27. b3 Rce8
28. Qf2 Qb7 29. Qd2 Qe7 30. Ref1 Qd7 31. Rf6 Qe7 1/2-1/2

[Event "DEM U16w 2016"]
[Site "Willingen GER"]
[Date "2016.05.16"]
[Round "3"]
[White "Sewald, Kathrin"]
[Black "Ley, Sabrina"]
[Result "0-1"]
[Termination "normal"]
[Board "7"]
[WhiteElo "1789"]
[BlackElo "1816"]
[PlyCount "53"]
[WhiteFideId "12964557"]
[BlackFideId "12938130"]
[EventCountry "GER"]
[EventRounds "9"]
[EventType "swiss"]
[EventDate "2016.05.14"]

1. e4 c5 2. Nc3 a6 3. f4 b5 4. Nf3 Bb7 5. d3 e6 6. Ne2 d5 7. e5 Ne7 8. g3 Nf5
9. Bg2 Nc6 10. O-O d4 11. Ng5 Be7 12. Ne4 h5 13. Bf3 Qc7 14. a3 Na5 15. Bd2 Bd5
16. Qe1 Nb7 17. a4 Rc8 18. Qf2 c4 19. Rfc1 Nc5 20. axb5 axb5 21. Kf1 Qb7 22.
Nxd4 Nxd4 23. Qxd4 Nxe4 24. Bxe4 Bc5 25. Bxd5 exd5 26. Ra7 Bxa7 27. Qc3 0-1

[Event "DEM U16w 2016"]
[Site "Willingen GER"]
[Date "2016.05.16"]
[Round "3"]
[White "Halas, Julia"]
[Black "Habersetzer, Elyse"]
[Result "1-0"]
[Termination "normal"]
[Board "8"]
[WhiteElo "1880"]
[BlackElo "1638"]
[PlyCount "73"]
[WhiteFideId "12931810"]
[BlackFideId "16222288"]
[EventCountry "GER"]
[EventRounds "9"]
[EventType "swiss"]
[EventDate "2016.05.14"]

1. d4 d5 2. c4 c6 3. Nf3 e6 4. Nc3 Bd6 5. Bg5 f6 6. Bh4 Ne7 7. e3 O-O 8. cxd5
exd5 9. Bd3 Qe8 10. Bg3 Bxg3 11. hxg3 g6 12. Qc2 Nd7 13. Ne2 Rf7 14. O-O-O Nf8
15. Nh4 Bd7 16. Rh2 Rg7 17. Rdh1 Be6 18. Nf4 Bf7 19. Nf3 Rc8 20. Kb1 b5 21. g4
a5 22. g5 f5 23. g4 fxg4 24. Ne5 a4 25. Nxg4 Kh8 26. Nf6 Qd8 27. Nxg6+ Nexg6
28. Bxg6 Bxg6 29. Qxg6 Qe7 30. Qf5 Rc7 31. Rh6 b4 32. g6 a3 33. Nxh7 Nxh7 34.
Rxh7+ Rxh7 35. Rxh7+ Qxh7 36. gxh7 Rxh7 37. Qf8# 1-0

[Event "DEM U16w 2016"]
[Site "Willingen GER"]
[Date "2016.05.16"]
[Round "3"]
[White "Christiansen, Anna"]
[Black "Hartmann, Cora"]
[Result "0-1"]
[Termination "normal"]
[Board "9"]
[WhiteElo "1503"]
[BlackElo "1828"]
[PlyCount "52"]
[WhiteFideId "12952230"]
[BlackFideId "16200764"]
[EventCountry "GER"]
[EventRounds "9"]
[EventType "swiss"]
[EventDate "2016.05.14"]

1. e4 e5 2. Nf3 Nc6 3. Bc4 Bc5 4. c3 Nf6 5. d3 a6 6. b4 Ba7 7. O-O d6 8. Qb3
Qe7 9. a4 Bg4 10. Ng5 Nd8 11. h3 Bh5 12. Nd2 h6 13. Ngf3 Ne6 14. Nh4 Nf4 15.
Ndf3 g5 16. Nf5 Qf8 17. Nh2 Ne2+ 18. Kh1 g4 19. h4 g3 20. fxg3 Qg8 21. d4 Nxe4
22. Bxe2 Bxe2 23. Re1 Bd3 24. Be3 Nxg3+ 25. Nxg3 Qxg3 26. Ra2 Qxe1+ 0-1

[Event "DEM U16w 2016"]
[Site "Willingen GER"]
[Date "2016.05.16"]
[Round "3"]
[White "Gläser, Anne"]
[Black "Duan, Muxi"]
[Result "1/2-1/2"]
[Termination "normal"]
[Board "10"]
[WhiteElo "1304"]
[BlackElo "1246"]
[PlyCount "76"]
[WhiteFideId "16208765"]
[BlackFideId "12971960"]
[EventCountry "GER"]
[EventRounds "9"]
[EventType "swiss"]
[EventDate "2016.05.14"]

1. e4 e5 2. Nf3 Nf6 3. Nc3 Nc6 4. Bc4 Bb4 5. d3 d6 6. O-O Na5 7. Bb3 Nxb3 8.
axb3 h6 9. Ne2 O-O 10. c3 Bc5 11. Ng3 Bb6 12. Re1 Re8 13. h3 c6 14. d4 exd4 15.
Nxd4 Bc7 16. Qf3 Nh7 17. Qd3 d5 18. Bd2 dxe4 19. Rxe4 Rxe4 20. Qxe4 Bd7 21. Re1
c5 22. Nf3 Bc6 23. Qe2 Qf6 24. Qe7 Bd6 25. Qxf6 Nxf6 26. Ne5 Bd5 27. c4 Be6 28.
Bc3 Re8 29. f4 Nd7 30. Kf2 Nxe5 31. Bxe5 Be7 32. Re2 Bh4 33. Re1 Bd7 34. Bc3 g5
35. fxg5 Rxe1 36. Bxe1 hxg5 37. Kf3 f5 38. Bf2 Bc6+ 1/2-1/2

[Event "DEM U16w 2016"]
[Site "Willingen GER"]
[Date "2016.05.16"]
[Round "3"]
[White "Diener, Carolin Valeria"]
[Black "Lange, Cecilia"]
[Result "1-0"]
[Termination "normal"]
[Board "11"]
[WhiteElo "1740"]
[BlackElo "1841"]
[PlyCount "67"]
[WhiteFideId "24699063"]
[BlackFideId "12976040"]
[EventCountry "GER"]
[EventRounds "9"]
[EventType "swiss"]
[EventDate "2016.05.14"]

1. e4 e6 2. d3 d5 3. Nd2 c5 4. Ngf3 Nc6 5. g3 Nf6 6. Bg2 dxe4 7. dxe4 Be7 8.
O-O O-O 9. Re1 b6 10. b3 Bb7 11. Bb2 Qc7 12. c4 Rfd8 13. e5 Ng4 14. a3 Rd7 15.
h3 Nh6 16. g4 Rad8 17. Qc2 Na5 18. Ne4 Rd3 19. Bc3 Bxe4 20. Rxe4 Nc6 21. Ree1
Kh8 22. Re2 Ng8 23. Ree1 Bf8 24. Rad1 Rxd1 25. Rxd1 Nge7 26. Rxd8 Qxd8 27. Ng5
g6 28. Nxf7+ Kg7 29. Nxd8 Nxd8 30. f4 Ndc6 31. f5 gxf5 32. gxf5 exf5 33. Bxc6
Nxc6 34. Qg2+ 1-0

[Event "DEM U16w 2016"]
[Site "Willingen GER"]
[Date "2016.05.16"]
[Round "3"]
[White "Sauer, Annika"]
[Black "Jörs, Pia-Milena"]
[Result "1/2-1/2"]
[Termination "normal"]
[Board "12"]
[WhiteElo "1596"]
[BlackElo "1568"]
[PlyCount "43"]
[WhiteFideId "12952052"]
[BlackFideId "12964646"]
[EventCountry "GER"]
[EventRounds "9"]
[EventType "swiss"]
[EventDate "2016.05.14"]

1. d4 Nf6 2. Nf3 e6 3. c4 b6 4. e3 Bb7 5. Bd3 c5 6. b3 cxd4 7. exd4 d5 8. O-O
Nc6 9. Bb2 Be7 10. Nbd2 O-O 11. Rc1 dxc4 12. bxc4 Nb4 13. Bb1 Rc8 14. a3 Nc6
15. Qc2 g6 16. Qd3 Qd7 17. Rfd1 Rfd8 18. Nf1 Nb8 19. Ne5 Qc7 20. Qb3 Nbd7 21.
Nxd7 Qxd7 22. Ne3 1/2-1/2

[Event "DEM U16w 2016"]
[Site "Willingen GER"]
[Date "2016.05.16"]
[Round "3"]
[White "Weiten, Anna"]
[Black "ter Stal, Esther"]
[Result "1/2-1/2"]
[Termination "normal"]
[Board "13"]
[WhiteElo "1415"]
[BlackElo "1597"]
[PlyCount "60"]
[WhiteFideId "12938203"]
[BlackFideId "12944467"]
[EventCountry "GER"]
[EventRounds "9"]
[EventType "swiss"]
[EventDate "2016.05.14"]

1. e4 d5 2. exd5 Qxd5 3. Nc3 Qd6 4. Bc4 Nf6 5. d3 a6 6. Nge2 b5 7. Bb3 Bb7 8.
f3 g6 9. Be3 Bg7 10. O-O O-O 11. Qd2 c5 12. Ng3 Rd8 13. Qf2 Nbd7 14. Rad1 Rac8
15. Nge4 Nxe4 16. dxe4 Qc7 17. Bd5 Bxc3 18. bxc3 Bxd5 19. Rxd5 c4 20. Rfd1 Nf6
21. R5d2 Rxd2 22. Rxd2 Qa5 23. Bc5 Qxa2 24. Bxe7 Qa1+ 25. Qf1 Qxc3 26. Qf2 Kg7
27. Rd6 Qa1+ 28. Qf1 Qxf1+ 29. Kxf1 Nh5 30. Rxa6 Rb8 1/2-1/2

[Event "DEM U16w 2016"]
[Site "Willingen GER"]
[Date "2016.05.17"]
[Round "4"]
[White "Leser, Katrin"]
[Black "Köhler, Inken"]
[Result "1-0"]
[Termination "normal"]
[Board "1"]
[WhiteElo "1894"]
[BlackElo "1968"]
[WhiteClock "00:25:03"]
[BlackClock "00:19:59"]
[PlyCount "47"]
[WhiteFideId "12997692"]
[BlackFideId "12929301"]
[EventCountry "GER"]
[EventRounds "9"]
[EventType "swiss"]
[EventDate "2016.05.14"]

1. e4 c5 2. Nf3 e6 3. d4 cxd4 4. Nxd4 a6 5. Bd3 Qc7 6. O-O Nf6 7. c4 Bd6 8. Kh1
O-O 9. f4 e5 10. Nf5 Nc6 11. Nc3 Re8 12. Nd5 Nxd5 13. exd5 Ne7 14. Nxg7 Kxg7
15. Qg4+ Ng6 16. f5 Be7 17. fxg6 fxg6 18. Qh3 Kg8 19. Rf7 Bh4 20. Qxh4 Kxf7 21.
Qxh7+ Kf6 22. Qxg6+ Ke7 23. Bg5+ Kf8 24. Rf1# 1-0

[Event "DEM U16w 2016"]
[Site "Willingen GER"]
[Date "2016.05.17"]
[Round "4"]
[White "Rogozenco, Teodora"]
[Black "Sieber, Fiona"]
[Result "0-1"]
[Termination "normal"]
[Board "2"]
[BlackTitle "WFM"]
[WhiteElo "2104"]
[BlackElo "2236"]
[WhiteClock "00:01:17"]
[BlackClock "00:29:27"]
[PlyCount "60"]
[WhiteFideId "12938084"]
[BlackFideId "12902373"]
[EventCountry "GER"]
[EventRounds "9"]
[EventType "swiss"]
[EventDate "2016.05.14"]

1. d4 Nf6 2. c4 e6 3. Nc3 Bb4 4. Qc2 c5 5. dxc5 O-O 6. Nf3 Bxc5 7. Bg5 Be7 8.
e4 h6 9. Bf4 Nh5 10. Be3 Nc6 11. e5 g5 12. h4 g4 13. Ng5 hxg5 14. hxg5 Qe8 15.
Qe4 Kg7 16. Rxh5 Rh8 17. Rh6 b6 18. Bd3 Qg8 19. O-O-O Rxh6 20. gxh6+ Kh8 21.
Nb5 Bb7 22. Be2 Na5 23. Qf4 Bc6 24. Nd6 Rf8 25. b4 Ba4 26. Rh1 Qg6 27. Bd1 Bxd1
28. Rxd1 Nc6 29. b5 Nb4 30. Qd4 Qc2# 0-1

[Event "DEM U16w 2016"]
[Site "Willingen GER"]
[Date "2016.05.17"]
[Round "4"]
[White "Wächter, Nathalie"]
[Black "Halas, Julia"]
[Result "1/2-1/2"]
[Termination "normal"]
[Board "3"]
[WhiteElo "1974"]
[BlackElo "1880"]
[WhiteClock "00:07:04"]
[BlackClock "00:21:33"]
[PlyCount "87"]
[WhiteFideId "12921033"]
[BlackFideId "12931810"]
[EventCountry "GER"]
[EventRounds "9"]
[EventType "swiss"]
[EventDate "2016.05.14"]

1. d4 Nf6 2. c4 g6 3. Nf3 Bg7 4. Nc3 O-O 5. e4 d6 6. Be2 e5 7. d5 a5 8. h3 Na6
9. g4 Nd7 10. Bg5 f6 11. Be3 f5 12. gxf5 gxf5 13. exf5 Nf6 14. Qd2 Bxf5 15. Bh6
Rf7 16. Qg5 Ne4 17. Nxe4 Bxe4 18. Rg1 Bxf3 19. Bxf3 Qxg5 20. Rxg5 Kh8 21. Bxg7+
Rxg7 22. Rxg7 Kxg7 23. Kd2 Nc5 24. Ke3 Rf8 25. Rg1+ Kf6 26. Rg4 Rf7 27. Bd1 Rg7
28. Rxg7 Kxg7 29. Bc2 h6 30. Kf3 Kf6 31. Kg4 Nd7 32. f3 Nb6 33. b3 Nd7 34. Kh5
Kg7 35. Bf5 Nc5 36. Bc2 Nd7 37. Kg4 Kf6 38. Bh7 Nc5 39. Kh5 Kg7 40. Bf5 Na6 41.
Kg4 Kf6 42. Bb1 Nc5 43. Bc2 Nd7 44. Kh5 1/2-1/2

[Event "DEM U16w 2016"]
[Site "Willingen GER"]
[Date "2016.05.17"]
[Round "4"]
[White "Sanati, Charlotte"]
[Black "Moses, Selina"]
[Result "1/2-1/2"]
[Termination "normal"]
[Board "4"]
[WhiteElo "1915"]
[BlackElo "1767"]
[WhiteClock "00:00:56"]
[BlackClock "00:04:49"]
[PlyCount "76"]
[WhiteFideId "12907707"]
[BlackFideId "12908070"]
[EventCountry "GER"]
[EventRounds "9"]
[EventType "swiss"]
[EventDate "2016.05.14"]

1. e4 c5 2. Nf3 d6 3. d4 cxd4 4. Nxd4 Nf6 5. Nc3 a6 6. Bc4 e6 7. Bb3 Nbd7 8.
Bg5 Nc5 9. f4 Be7 10. Qf3 Qc7 11. O-O b5 12. a3 Nxb3 13. Nxb3 Bb7 14. Rae1 d5
15. Bxf6 Bxf6 16. exd5 Bxc3 17. bxc3 O-O-O 18. Qe3 Bxd5 19. a4 Bc4 20. Rf3 Rd5
21. axb5 Bxb5 22. Ra1 Rhd8 23. Nd4 Qc5 24. Qe4 g6 25. Re3 Qc4 26. h3 Kd7 27.
Qf3 h5 28. Re4 Qc5 29. Kh2 Rc8 30. Re3 Ke7 31. Qg3 Qc7 32. Kg1 Kf8 33. Qh4 Qe7
34. Qf2 Qf6 35. Ra3 Qe7 36. Ra1 Qf6 37. Ra3 Qe7 38. Ra1 Qf6 1/2-1/2

[Event "DEM U16w 2016"]
[Site "Willingen GER"]
[Date "2016.05.17"]
[Round "4"]
[White "Hartmann, Cora"]
[Black "Simon, Tessa"]
[Result "1-0"]
[Termination "normal"]
[Board "5"]
[WhiteElo "1828"]
[BlackElo "1927"]
[WhiteClock "00:22:25"]
[BlackClock "00:23:06"]
[PlyCount "99"]
[WhiteFideId "16200764"]
[BlackFideId "12929395"]
[EventCountry "GER"]
[EventRounds "9"]
[EventType "swiss"]
[EventDate "2016.05.14"]

1. e4 c5 2. Nf3 Nc6 3. Bb5 e6 4. O-O Nge7 5. c3 a6 6. Ba4 b5 7. Bc2 d5 8. d4
cxd4 9. Nxd4 Nxd4 10. Qxd4 Nc6 11. Qd1 d4 12. f4 Bc5 13. Kh1 dxc3 14. Qxd8+
Kxd8 15. Nxc3 Ke7 16. e5 f5 17. exf6+ gxf6 18. Ne4 Ba7 19. Bd2 Bb7 20. Rad1
Rad8 21. Bc3 Nd4 22. Bb1 Rhg8 23. Rd2 f5 24. Bb4+ Kf7 25. Nd6+ Rxd6 26. Bxd6
Nf3 27. Rc2 Bb6 28. Bc5 Be4 29. Bxb6 Bxc2 30. Bxc2 Nd2 31. Rd1 Nc4 32. Rd7+ Kg6
33. Bd4 Kh6 34. g3 Rc8 35. Re7 Rc6 36. Bb3 Rd6 37. Bxc4 Rxd4 38. Rxe6+ Kg7 39.
Bb3 a5 40. Bc2 Rd2 41. Rc6 Re2 42. a3 Re1+ 43. Kg2 Re2+ 44. Kh3 a4 45. Bxf5
Rxb2 46. Rc7+ Kf6 47. Bxh7 b4 48. axb4 a3 49. Ra7 a2 50. Bg8 1-0

[Event "DEM U16w 2016"]
[Site "Willingen GER"]
[Date "2016.05.17"]
[Round "4"]
[White "Ley, Sabrina"]
[Black "Ratay, Meike"]
[Result "1/2-1/2"]
[Termination "normal"]
[Board "6"]
[WhiteElo "1816"]
[BlackElo "1688"]
[WhiteClock "00:01:08"]
[BlackClock "00:01:48"]
[PlyCount "82"]
[WhiteFideId "12938130"]
[BlackFideId "12977608"]
[EventCountry "GER"]
[EventRounds "9"]
[EventType "swiss"]
[EventDate "2016.05.14"]

1. e4 e5 2. Nf3 Nc6 3. Bc4 Bc5 4. b4 Bxb4 5. c3 Ba5 6. d4 exd4 7. Qb3 Qe7 8.
O-O Nf6 9. e5 Nxe5 10. Nxe5 Qxe5 11. Bxf7+ Kd8 12. cxd4 Qxd4 13. Bc4 Re8 14.
Bb2 Qb6 15. Qc2 Qc6 16. Na3 h6 17. Qf5 b6 18. Rad1 Re7 19. Qg6 Bb7 20. f3 Qc5+
21. Kh1 Bb4 22. Qd3 Bc6 23. Nc2 Ba5 24. Ba3 Qh5 25. Bxe7+ Kxe7 26. Nd4 Bb7 27.
Nf5+ Kf8 28. Qa3+ c5 29. Nd6 Bc6 30. Qd3 Ne8 31. Nf5 Qg6 32. Bd5 Bxd5 33. Qxd5
Rd8 34. Qe4 Qf7 35. Qd3 d5 36. Nh4 d4 37. Ng6+ Kg8 38. Rf2 c4 39. Qe4 d3 40.
Ne7+ Kf8 41. Ng6+ Kg8 1/2-1/2